[Event "GRE CupT final 40th"]
[Site "Thessaloniki"]
[Date "2022.08.18"]
[Round "1.4"]
[White "Seretakis, Nikolas"]
[Black "Repkova, Eva"]
[Result "1-0"]
[WhiteElo "2045"]
[BlackElo "2303"]
[PlyCount "63"]
[EventDate "2022.08.18"]
[EventType "team-swiss"]
[EventRounds "3"]
[EventCountry "GRE"]
[SourceTitle "CBM 209 Extra"]
[Source "ChessBase"]
[SourceDate "2022.09.30"]
[SourceVersion "1"]
[SourceVersionDate "2022.09.30"]
[SourceQuality "1"]

1. e4 e5 2. Nc3 Nc6 3. Bc4 Nf6 4. d3 Na5 5. Nge2 Nxc4 6. dxc4 d6 7. Qd3 Be6 8. 0-0 Nd7 9. b3 Nc5 10. Qg3 h5 11. Ba3 h4 12. Qe3 Nd7 13. Rad1 Be7 14. Nd5 g5 15. Nec3 Bf8 16. Nb5 Bxd5 17. Rxd5 a6 18. Nc3 Qf6 19. Rd3 Qg6 20. Nd5 0-0-0 21. Qa7 Qxe4 22. Bb4 Nb6 23. Re1 Qg6 24. Ba5 e4 25. Nxb6+ cxb6 26. Bxb6 Bg7 27. Qa8+ Kd7 28. Qxb7+ Ke6 29. Rxe4+ Be5 30. Qd5+ Kf6 31. Bxd8+ Rxd8 32. Rxe5 1-0

[Event "GRE-chT 45th"]
[Site "Achaia"]
[Date "2017.07.06"]
[Round "5.13"]
[White "Kesidis, Odyseas"]
[Black "Seretakis, Nikolas"]
[Result "1-0"]
[WhiteElo "2194"]
[BlackElo "2100"]
[PlyCount "79"]
[EventDate "2017.07.03"]
[EventType "team-swiss"]
[EventRounds "7"]
[EventCountry "GRE"]
[SourceTitle "CBM 179 Extra"]
[Source "ChessBase"]
[SourceDate "2017.08.23"]
[SourceVersion "1"]
[SourceVersionDate "2017.08.23"]
[SourceQuality "1"]
[WhiteTeam "Florinas OP"]
[BlackTeam "New Filadelfeias"]
[WhiteTeamCountry "GRE"]
[BlackTeamCountry "GRE"]

1. e4 Nf6 2. e5 Nd5 3. d4 d6 4. Nf3 g6 5. Bc4 Nb6 6. Bb3 Bg7 7. Ng5 e6 8. Qf3 Qd7 9. Ne4 dxe5 10. Nf6+ Bxf6 11. Qxf6 Rg8 12. dxe5 Qd4 13. 0-0 N8d7 14. Qf3 Nxe5 15. Qe2 Nc6 16. Nc3 a6 17. Be3 Qe5 18. Rad1 Bd7 19. Qf3 g5 20. Bxb6 cxb6 21. Rxd7 Kxd7 22. Qxf7+ Kd6 23. Rd1+ Kc5 24. Qxb7 b5 25. f3 Rgb8 26. Qxh7 Rh8 27. Qe4 Qxh2+ 28. Kf2 Qh4+ 29. Qxh4 gxh4 30. Bxe6 Rh6 31. Ne4+ Kb6 32. Bh3 Ne5 33. f4 Rf8 34. f5 Rc6 35. c3 Rg8 36. Rd5 Ng4+ 37. Bxg4 Rxg4 38. Kf3 Rg8 39. f6 Re6 40. Rh5 1-0

[Event "GRE-chT 44th"]
[Site "Achaia"]
[Date "2016.07.07"]
[Round "4.15"]
[White "Seretakis, Nikolas"]
[Black "Kazantzidis, Ilias"]
[Result "1/2-1/2"]
[WhiteElo "2113"]
[BlackElo "2113"]
[PlyCount "130"]
[EventDate "2016.07.05"]
[EventType "team-swiss"]
[EventRounds "7"]
[EventCountry "GRE"]
[SourceTitle "CBM 173 Extra"]
[Source "ChessBase"]
[SourceDate "2016.08.29"]
[SourceVersion "1"]
[SourceVersionDate "2016.08.29"]
[SourceQuality "1"]
[WhiteTeam "New Filadelfeias"]
[BlackTeam "Kavalas OFS"]
[WhiteTeamCountry "GRE"]
[BlackTeamCountry "GRE"]

1. e4 c5 2. Nf3 e6 3. d4 cxd4 4. Nxd4 a6 5. Nc3 b5 6. Bd3 Bb7 7. 0-0 Nc6 8. Nxc6 Bxc6 9. Re1 Qb8 10. a4 b4 11. Nd5 Bd6 12. h3 Ne7 13. Nxe7 Bxe7 14. e5 0-0 15. Qh5 g6 16. Qg4 f5 17. exf6 Bxf6 18. h4 Qd6 19. Bh6 Bg7 20. Bxg7 Kxg7 21. Rad1 Qc5 22. Qg3 Rf6 23. Qe3 Qxe3 24. Rxe3 Bxa4 25. Ra1 Bc6 26. Rxa6 Rxa6 27. Bxa6 Rf4 28. g3 Rd4 29. Bd3 Kf6 30. f4 d6 31. Kf2 e5 32. fxe5+ dxe5 33. Re1 e4 34. Ke3 Ke5 35. Be2 Rd8 36. Ra1 Ra8 37. Rxa8 Bxa8 38. Bb5 h6 39. c3 bxc3 40. bxc3 g5 41. hxg5 hxg5 42. c4 Bb7 43. c5 Kd5 44. c6 Bc8 45. Ba4 Bg4 46. c7 Kd6 47. Kxe4 Kxc7 48. Ke5 Be2 49. Kf6 g4 50. Ke7 Bf3 51. Be8 Be2 52. Bh5 Bf3 53. Kf6 Kd8 54. Kg5 Ke7 55. Bxg4 Bg2 56. Kg6 Kf8 57. Kf6 Bf1 58. Bf3 Bh3 59. Be4 Bg4 60. Bf5 Bf3 61. Kg6 Be2 62. Kh6 Bf3 63. Bg6 Bg4 64. Kg5 Kg7 65. Kf4 Bd1 1/2-1/2

[Event "GRE-chT 43rd"]
[Site "Porto Rio"]
[Date "2015.10.11"]
[Round "6.11"]
[White "Hristodoulou, Panagiotis"]
[Black "Seretakis, Nikolas"]
[Result "1-0"]
[WhiteElo "2233"]
[BlackElo "2164"]
[PlyCount "55"]
[EventDate "2015.10.08"]
[EventType "team-swiss"]
[EventRounds "7"]
[EventCountry "GRE"]
[SourceTitle "CBM 168 Extra"]
[Source "ChessBase"]
[SourceDate "2015.10.29"]
[SourceVersion "1"]
[SourceVersionDate "2015.10.29"]
[SourceQuality "1"]
[WhiteTeam "Elefsinas STM"]
[BlackTeam "New Filadelfeias"]
[WhiteTeamCountry "GRE"]
[BlackTeamCountry "GRE"]

1. e4 Nf6 2. e5 Nd5 3. c4 Nb6 4. d4 d6 5. exd6 cxd6 6. Nc3 g6 7. Be3 Bg7 8. Rc1 0-0 9. b3 e5 10. dxe5 dxe5 11. Qxd8 Rxd8 12. c5 N6d7 13. Bc4 Nc6 14. Nf3 Na5 15. Be2 b6 16. 0-0 bxc5 17. Ne4 Bb7 18. Nd6 Bd5 19. Rfd1 Nb6 20. Rxc5 e4 21. Ng5 Rxd6 22. Rxa5 Rad8 23. Rxa7 Nc8 24. Rc7 h6 25. Bc5 Be5 26. Bxd6 Bxd6 27. Rxc8 Rxc8 28. Rxd5 1-0

[Event "GRE-chT 43rd"]
[Site "Porto Rio"]
[Date "2015.10.10"]
[Round "4.13"]
[White "Seretakis, Nikolas"]
[Black "Mista, Aleksander"]
[Result "0-1"]
[WhiteElo "2164"]
[BlackElo "2580"]
[PlyCount "82"]
[EventDate "2015.10.08"]
[EventType "team-swiss"]
[EventRounds "7"]
[EventCountry "GRE"]
[SourceTitle "CBM 168 Extra"]
[Source "ChessBase"]
[SourceDate "2015.10.29"]
[SourceVersion "1"]
[SourceVersionDate "2015.10.29"]
[SourceQuality "1"]
[WhiteTeam "New Filadelfeias"]
[BlackTeam "Heraklion"]
[WhiteTeamCountry "GRE"]
[BlackTeamCountry "GRE"]

1. e4 c5 2. Nf3 e6 3. d4 cxd4 4. Nxd4 Nf6 5. Nc3 d6 6. Bc4 Be7 7. Bb3 0-0 8. f4 Na6 9. Qf3 Nc5 10. Be3 a6 11. 0-0-0 Qc7 12. g4 Nfd7 13. g5 b5 14. Nf5 exf5 15. Nd5 Qd8 16. exf5 Bb7 17. Rhg1 Nxb3+ 18. axb3 Bxd5 19. Qxd5 Re8 20. Bd4 Nb6 21. Qf3 Rc8 22. Qf2 Nd7 23. f6 Nxf6 24. gxf6 Bxf6 25. Bb6 Qd7 26. Bd4 Qf5 27. Kb1 g6 28. Rd2 Re6 29. Rgd1 Kg7 30. Bxf6+ Rxf6 31. Rxd6 Qxf4 32. Rxf6 Qxf6 33. Qxf6+ Kxf6 34. Rd6+ Ke5 35. Rxa6 f5 36. Ra5 f4 37. Rxb5+ Ke4 38. Rb7 f3 39. Re7+ Kd4 40. Rf7 Ke3 41. b4 f2 0-1

[Event "GRE-chT 43rd"]
[Site "Porto Rio"]
[Date "2015.10.09"]
[Round "3.14"]
[White "Kokkalis, Vasilios"]
[Black "Seretakis, Nikolas"]
[Result "1/2-1/2"]
[WhiteElo "2137"]
[BlackElo "2164"]
[PlyCount "73"]
[EventDate "2015.10.08"]
[EventType "team-swiss"]
[EventRounds "7"]
[EventCountry "GRE"]
[SourceTitle "CBM 168 Extra"]
[Source "ChessBase"]
[SourceDate "2015.10.29"]
[SourceVersion "1"]
[SourceVersionDate "2015.10.29"]
[SourceQuality "1"]
[WhiteTeam "Patron Sailing"]
[BlackTeam "New Filadelfeias"]
[WhiteTeamCountry "GRE"]
[BlackTeamCountry "GRE"]

1. d4 Nf6 2. Bg5 d5 3. e3 Ne4 4. Bf4 c5 5. Bd3 Nc6 6. Bxe4 dxe4 7. d5 Nb4 8. Nc3 e6 9. d6 Qa5 10. Nge2 Bd7 11. 0-0 Bc6 12. a3 Nd5 13. Nxd5 exd5 14. d7+ Kxd7 15. c4 Qa6 16. cxd5 Bb5 17. Re1 Bxe2 18. Rxe2 Bd6 19. Rc1 f5 20. Rec2 Rac8 21. Qh5 g6 22. Qh6 Bf8 23. Qh3 Qf6 24. Qg3 Bd6 25. f3 Rhe8 26. Bxd6 Qxd6 27. Qe1 b6 28. Qe2 exf3 29. gxf3 Re5 30. e4 Rce8 31. b4 fxe4 32. bxc5 bxc5 33. Rxc5 Qb6 34. Qe3 Rc8 35. fxe4 Rxc5 36. Qxc5 Rxd5 37. exd5 1/2-1/2

[Event "Kavala op 24th"]
[Site "Kavala"]
[Date "2015.08.10"]
[Round "8"]
[White "Cioara, Andrei Nestor"]
[Black "Seretakis, Nikolas"]
[Result "1-0"]
[WhiteElo "2417"]
[BlackElo "2181"]
[PlyCount "85"]
[EventDate "2015.08.04"]
[EventType "swiss"]
[EventRounds "9"]
[EventCountry "GRE"]
[SourceTitle "CBM 167 Extra"]
[Source "ChessBase"]
[SourceDate "2015.09.14"]
[SourceVersion "1"]
[SourceVersionDate "2015.09.14"]
[SourceQuality "1"]

1. e4 Nf6 2. e5 Nd5 3. d4 d6 4. c4 Nb6 5. exd6 cxd6 6. Nc3 g6 7. Be3 Bg7 8. Rc1 0-0 9. b3 e5 10. dxe5 dxe5 11. c5 N6d7 12. Bc4 Nc6 13. Nf3 Qa5 14. 0-0 Nxc5 15. Ng5 Ne6 16. Nxe6 Bxe6 17. Bxe6 fxe6 18. Qd7 Nd4 19. Qxb7 Rac8 20. Bxd4 exd4 21. Ne4 Rxc1 22. Rxc1 Qd5 23. Rc7 Qxb7 24. Rxb7 Rd8 25. Kf1 a5 26. Rc7 Rb8 27. Nc5 e5 28. Ke2 e4 29. Nxe4 a4 30. Nc5 axb3 31. axb3 Be5 32. Rc6 Ra8 33. Ra6 Rxa6 34. Nxa6 Kf7 35. Nc5 Ke7 36. Nd3 Bc7 37. Kf3 Ke6 38. Ke4 Bb6 39. f4 h5 40. Ne5 Ba7 41. Nc6 d3 42. Kxd3 Bg1 43. Nd4+ 1-0

[Event "Nea Filadelfia Autumn"]
[Site "Nea Filadelfia"]
[Date "2012.11.09"]
[Round "8"]
[White "Seretakis, Nikolas"]
[Black "Sienczewski, Zbigniew"]
[Result "0-1"]
[WhiteElo "2191"]
[BlackElo "2185"]
[PlyCount "78"]
[EventDate "2012.09.20"]
[EventType "tourn"]
[EventRounds "9"]
[EventCountry "GRE"]
[SourceTitle "EXT 2019"]
[Source "ChessBase"]
[SourceDate "2018.10.10"]
[SourceVersion "1"]
[SourceVersionDate "2018.10.10"]
[SourceQuality "1"]

1. e4 d6 2. Nc3 g6 3. Bc4 Nf6 4. d3 Bg7 5. f4 c6 6. Bb3 Nbd7 7. a3 Nc5 8. Ba2 Be6 9. Bxe6 Nxe6 10. Nf3 0-0 11. 0-0 c5 12. Ne2 Qb6 13. f5 Nd4 14. Nexd4 cxd4 15. Kh1 Rac8 16. fxg6 hxg6 17. Ng5 Rc7 18. b3 Rfc8 19. Ra2 e5 20. Nf3 d5 21. Nxe5 Nxe4 22. dxe4 Bxe5 23. exd5 Qd6 24. h3 Rc5 25. Bd2 Rxd5 26. Qf3 Qd7 27. Qd3 Qc6 28. Bb4 a5 29. Bd2 Rc5 30. Rc1 Qd5 31. Raa1 Rc3 32. Bxc3 Rxc3 33. Rd1 Rxd3 34. Rxd3 Qc5 35. Rad1 Qxc2 36. a4 Kg7 37. h4 Qe2 38. g3 Bxg3 39. R1d2 Qe1+ 0-1

[Event "Paleochora op 4th"]
[Site "Paleochora"]
[Date "2011.07.21"]
[Round "2"]
[White "Seretakis, Nikolas"]
[Black "Nikolov, Momchil"]
[Result "0-1"]
[WhiteElo "2185"]
[BlackElo "2589"]
[PlyCount "44"]
[EventDate "2011.07.20"]
[EventType "swiss"]
[EventRounds "9"]
[EventCountry "GRE"]
[SourceTitle "CBM 143 Extra"]
[Source "ChessBase"]
[SourceDate "2011.08.29"]
[SourceVersion "1"]
[SourceVersionDate "2011.08.29"]
[SourceQuality "1"]

1. e4 c5 2. Nf3 e6 3. d4 cxd4 4. Nxd4 a6 5. Nc3 Qc7 6. g3 Bb4 7. Nde2 Nf6 8. Bg2 Nc6 9. 0-0 Be7 10. h3 0-0 11. g4 b5 12. g5 Ne8 13. Ng3 f6 14. h4 fxg5 15. hxg5 Bc5 16. Nf5 Ne5 17. Be3 Bb7 18. Bxc5 Qxc5 19. Ne3 Nd6 20. a3 Rf4 21. Qh5 Raf8 22. Rad1 Nxe4 0-1

[Event "Leros Artemis Cup 2nd"]
[Site "Leros"]
[Date "2010.07.18"]
[Round "7"]
[White "Seretakis, Nikolas"]
[Black "Kapnisis, Spyridon"]
[Result "0-1"]
[WhiteElo "2204"]
[BlackElo "2514"]
[PlyCount "42"]
[EventDate "2010.07.13"]
[EventType "swiss"]
[EventRounds "9"]
[EventCountry "GRE"]
[SourceTitle "CBM 137 Extra"]
[Source "ChessBase"]
[SourceDate "2010.09.01"]
[SourceVersion "1"]
[SourceVersionDate "2010.09.01"]
[SourceQuality "1"]

1. e4 e5 2. Nc3 Nf6 3. f4 d5 4. fxe5 Nxe4 5. d3 Nxc3 6. bxc3 c5 7. Nf3 Nc6 8. Be2 Be7 9. 0-0 0-0 10. Rb1 d4 11. Qe1 dxc3 12. Qg3 Kh8 13. Ng5 Qd5 14. Bf3 Qxe5 15. Bf4 Qd4+ 16. Kh1 f6 17. Nxh7 Kxh7 18. Be4+ f5 19. Be3 Qd6 20. Qh3+ Kg8 21. Bf4 fxe4 0-1

[Event "Aegean op 32nd"]
[Site "Aghios Kirykos"]
[Date "2009.07.14"]
[Round "4"]
[White "Klip, Hans"]
[Black "Seretakis, Nikolas"]
[Result "1-0"]
[WhiteElo "2351"]
[BlackElo "2214"]
[PlyCount "95"]
[EventDate "2009.07.11"]
[EventType "swiss"]
[EventRounds "9"]
[EventCountry "GRE"]
[SourceTitle "CBM 131 Extra"]
[Source "ChessBase"]
[SourceDate "2009.09.03"]
[SourceVersion "2"]
[SourceVersionDate "2009.09.16"]
[SourceQuality "1"]

1. e4 Nf6 2. e5 Nd5 3. d4 d6 4. c4 Nb6 5. exd6 cxd6 6. Nc3 g6 7. h4 h5 8. Be3 Bg7 9. Qb3 0-0 10. Rd1 Nc6 11. Be2 Bf5 12. c5 dxc5 13. dxc5 Nd7 14. Qxb7 Qc8 15. Ba6 Nde5 16. Qxc8 Bxc8 17. Bxc8 Rfxc8 18. Nge2 Nc4 19. Bc1 Nb4 20. 0-0 Rxc5 21. a3 Nc2 22. Rd7 e6 23. Rfd1 Rcc8 24. Rb7 a5 25. Bg5 Rab8 26. Rdd7 Rxb7 27. Rxb7 Nd4 28. Nxd4 Bxd4 29. Na4 Nd6 30. Rd7 Nf5 31. Rd8+ Rxd8 32. Bxd8 Ng3 33. Bxa5 Ne4 34. Be1 f6 35. Kf1 g5 36. f3 Nd6 37. hxg5 fxg5 38. Bf2 e5 39. Bxd4 exd4 40. Nc5 Nc4 41. Nd3 Kf7 42. a4 Ke6 43. b4 Kd5 44. Kf2 Ne3 45. a5 Kc6 46. g3 Kb5 47. f4 Nf5 48. fxg5 1-0

[Event "Nea Filadelfia CC Autumn"]
[Site "Nea Filadelfia"]
[Date "2007.11.24"]
[Round "11.1"]
[White "Seretakis, Nikolas"]
[Black "Geroukalis, Athanasios"]
[Result "1-0"]
[WhiteElo "2230"]
[BlackElo "2012"]
[PlyCount "89"]
[EventDate "2007.10.11"]
[EventType "tourn"]
[EventRounds "11"]
[EventCountry "GRE"]
[SourceTitle "EXT 2024"]
[Source "ChessBase"]
[SourceDate "2023.10.10"]
[SourceVersion "1"]
[SourceVersionDate "2023.10.10"]
[SourceQuality "1"]

1. e4 Nf6 2. e5 Nd5 3. d4 d6 4. c4 Nb6 5. exd6 cxd6 6. Nc3 g6 7. Bd3 Bg7 8. Nge2 Nc6 9. d5 Ne5 10. 0-0 Nxd3 11. Qxd3 Bf5 12. Qd1 0-0 13. b3 e6 14. dxe6 Bxe6 15. Be3 d5 16. c5 Nd7 17. Rc1 Ne5 18. Nd4 Qh4 19. h3 Rad8 20. Ncb5 g5 21. Qd2 h6 22. f3 Ng6 23. Nd6 Be5 24. N4f5 Qh5 25. Bd4 f6 26. Rce1 Bf4 27. Qe2 Ne5 28. g3 Bxf5 29. Nxf5 Kh8 30. Kh2 Bd2 31. Qxd2 Nxf3+ 32. Rxf3 Qxf3 33. Qf2 Qxf2+ 34. Bxf2 Rfe8 35. Nd6 Rxe1 36. Bxe1 Rd7 37. Bc3 Kg7 38. g4 Kg6 39. Kg3 b6 40. b4 bxc5 41. bxc5 Rc7 42. Bd4 a6 43. Nf5 h5 44. Ne3 Rd7 45. c6 1-0

[Event "Nea Filadelfia CC Autumn"]
[Site "Nea Filadelfia"]
[Date "2007.11.03"]
[Round "7.3"]
[White "Seretakis, Nikolas"]
[Black "Koliopoulos, Konstantinos"]
[Result "0-1"]
[WhiteElo "2230"]
[BlackElo "2203"]
[PlyCount "77"]
[EventDate "2007.10.11"]
[EventType "tourn"]
[EventRounds "11"]
[EventCountry "GRE"]
[SourceTitle "EXT 2024"]
[Source "ChessBase"]
[SourceDate "2023.10.10"]
[SourceVersion "1"]
[SourceVersionDate "2023.10.10"]
[SourceQuality "1"]

1. e4 e5 2. Nc3 Nc6 3. Bc4 Nf6 4. d3 Bb4 5. Bg5 h6 6. Bxf6 Bxc3+ 7. bxc3 Qxf6 8. Ne2 d6 9. 0-0 g5 10. f3 h5 11. d4 Bd7 12. Rb1 Na5 13. Qd3 a6 14. Bd5 c6 15. Bb3 Nxb3 16. cxb3 Rd8 17. Qe3 Bc8 18. Rbd1 0-0 19. Rd2 d5 20. Rfd1 exd4 21. Qxd4 Qxd4+ 22. Rxd4 Rde8 23. Ng3 dxe4 24. Nxe4 f6 25. Kf2 Kg7 26. Nd6 Re7 27. Re1 Rxe1 28. Kxe1 Kg6 29. b4 b6 30. c4 Be6 31. Re4 Bg8 32. a3 c5 33. g4 hxg4 34. fxg4 Rd8 35. bxc5 bxc5 36. Nf5 Bf7 37. Re7 Re8 38. Kd2 Rh8 39. Ra7 0-1

[Event "Nea Filadelfia CC Autumn"]
[Site "Nea Filadelfia"]
[Date "2007.11.01"]
[Round "6.4"]
[White "Kaldis, Georgios"]
[Black "Seretakis, Nikolas"]
[Result "0-1"]
[WhiteElo "2026"]
[BlackElo "2230"]
[PlyCount "112"]
[EventDate "2007.10.11"]
[EventType "tourn"]
[EventRounds "11"]
[EventCountry "GRE"]
[SourceTitle "EXT 2024"]
[Source "ChessBase"]
[SourceDate "2023.10.10"]
[SourceVersion "1"]
[SourceVersionDate "2023.10.10"]
[SourceQuality "1"]

1. e4 c5 2. d4 d6 3. dxc5 Nf6 4. Nc3 Qa5 5. cxd6 Nc6 6. Bd2 exd6 7. Nd5 Qd8 8. Bg5 Be7 9. Nxe7 Qxe7 10. Nf3 h6 11. Bxf6 Qxf6 12. h3 0-0 13. Bd3 Qxb2 14. 0-0 Qf6 15. Rb1 Re8 16. Nh2 Rb8 17. f4 Be6 18. a3 Qc3 19. Qh5 Bc4 20. Rf3 Bxd3 21. cxd3 Nd4 22. Rg3 Qd2 23. Kh1 Qxf4 24. Rg4 Re5 25. Rxf4 Rxh5 26. Rb4 Nc6 27. Rb3 Nd4 28. Rb4 Ne6 29. Rf5 Rg5 30. Nf3 Rxf5 31. exf5 Nc7 32. a4 b5 33. axb5 Rxb5 34. Ra4 a5 35. g4 Nd5 36. Kg2 Nb6 37. Ra2 a4 38. Kf2 Ra5 39. Nd2 Kf8 40. Nc4 Nxc4 41. dxc4 a3 42. Ke3 Ke7 43. Kd4 h5 44. Kc3 hxg4 45. hxg4 Kf6 46. Kb4 Ra8 47. Kb5 Ke5 48. Kc6 g6 49. fxg6 fxg6 50. Kd7 Ra7+ 51. Kc6 Kd4 52. Kxd6 Kxc4 53. Ke6 Kb3 54. Rf2 a2 55. Rf3+ Kc2 56. Rf2+ Kd3 0-1

[Event "Athens Acropolis op"]
[Site "Athens"]
[Date "2007.08.17"]
[Round "4.26"]
[White "Seretakis, Nikolas"]
[Black "Georgiadis, Ioannis"]
[Result "1/2-1/2"]
[WhiteElo "2233"]
[BlackElo "2413"]
[PlyCount "75"]
[EventDate "2007.08.14"]
[EventType "swiss"]
[EventRounds "9"]
[EventCountry "GRE"]
[SourceTitle "CBM 119 Extra"]
[Source "ChessBase"]
[SourceDate "2007.09.04"]
[SourceVersion "1"]
[SourceVersionDate "2007.09.04"]
[SourceQuality "1"]

1. e4 c5 2. Nf3 d6 3. d4 cxd4 4. Nxd4 Nf6 5. Nc3 a6 6. Bc4 e6 7. Bb3 b5 8. Bg5 Be7 9. Qf3 Qc7 10. 0-0-0 Nbd7 11. e5 Bb7 12. Qg3 Nxe5 13. Bxe6 fxe6 14. f4 Bc8 15. fxe5 dxe5 16. Rhe1 0-0 17. Qxe5 Qxe5 18. Rxe5 Bd6 19. Re2 Bxh2 20. Nxe6 Re8 21. Bf4 Bxe6 22. Bxh2 Bg4 23. Rxe8+ Rxe8 24. Rd4 Re1+ 25. Kd2 Rh1 26. Be5 Rg1 27. g3 Bf5 28. Bxf6 gxf6 29. Rf4 Bg6 30. Ne2 Rg2 31. Rxf6 Bh5 32. Re6 Kf7 33. Re5 Bxe2 34. Rxe2 Rxg3 35. Re5 Rf3 36. b3 Rf6 37. c4 bxc4 38. bxc4 1/2-1/2

[Event "Athens M/3"]
[Site "Athens"]
[Date "1994.??.??"]
[Round "?"]
[White "Seretakis, Nikolas"]
[Black "Festas, Georgios"]
[Result "1/2-1/2"]
[WhiteElo "2160"]
[BlackElo "2080"]
[PlyCount "82"]
[EventDate "1994.??.??"]
[EventType "tourn"]
[EventRounds "9"]
[EventCountry "GRE"]
[SourceTitle "EXT 2003"]
[Source "ChessBase"]
[SourceDate "2002.11.25"]
[SourceVersion "1"]
[SourceVersionDate "2002.11.25"]
[SourceQuality "1"]

1. e4 c6 2. d4 d5 3. exd5 cxd5 4. c4 Nf6 5. Nc3 Nc6 6. Nf3 Bg4 7. cxd5 Nxd5 8. Qb3 Bxf3 9. gxf3 e6 10. Qxb7 Nxd4 11. Bb5+ Nxb5 12. Qc6+ Ke7 13. Qxb5 Qd7 14. Nxd5+ Qxd5 15. Qxd5 exd5 16. Be3 Ke6 17. 0-0 Bb4 18. Rac1 Rhd8 19. Rfd1 a6 20. Rd4 Bd6 21. Re1 Kf6 22. Rg4 Re8 23. Bd4+ Be5 24. Rf4+ Kg5 25. Bxe5 Rxe5 26. Rxe5+ Kxf4 27. Rxd5 Ra7 28. Kg2 Rb7 29. b3 Rb6 30. Rd4+ Ke5 31. Rc4 f5 32. f4+ Kf6 33. Kf3 Rd6 34. b4 Rd3+ 35. Ke2 Ra3 36. Rc2 Ra4 37. Rb2 Ke6 38. Kd3 Kd5 39. b5 axb5 40. Rxb5+ Ke6 41. Re5+ Kf6 1/2-1/2